| 000 | 01269cad a22002175a 4500 | ||
|---|---|---|---|
| 001 | L153160 | ||
| 008 | 110617e20111008xxk 000 0 eng d | ||
| 035 | _a(Sirsi) u153160 | ||
| 041 | 0 | _aeng | |
| 245 | 0 | 0 |
_aEmmet Thomas Scullion v Bank of Scotland (trading as Colleys) _h[electronic resource] |
| 260 | _c2011 | ||
| 520 | _a[2011] EWCA Civ 693, 17 June 2011. Appeal against claim for breach of duty of care in relation to a valuation report for a property being purchased for buy-to-let purposes as an investment income. Duty of care claim dismissed on grounds that a property being purchased on a buy-to- let basis is a commercial transaction rather than a purchase being purchased for owner occupation as a modest residential property. Independent valuation advice on rental income to have been achieved should have been sought. "Held" Appeal allowed. | ||
| 590 | _aKA | ||
| 650 | 2 | 4 | _aEMMET THOMAS SCULLION V BANK OF ENGLAND PLC (TRADING AS COLLEYS) |
| 650 | 2 | 4 | _aSMITH V BUSH |
| 650 | 2 | 4 | _aHEDLEY BRYNE V HELLLER |
| 651 | 4 |
_aUnited Kingdom _y |
|
| 690 | _aMANAGEMENT-BUSINESS MANAGEMENT-PROFESSIONAL PRACTICE-NEGLIGENCE | ||
| 856 | 4 | 0 | _uhttps://www.bailii.org/ew/cases/EWCA/Civ/2011/693.htmllzView this item free of charge at www.bailii.org |
| 942 | _n0 | ||
| 999 |
_c83210 _d83210 |
||